00546 2200217 4500001002100000005001700021008004100038035002400079090001500103100001500118245005200133250001100185260002600196300002500222650001200247700001800259850001500277980001500292985000600307999001500313YOGYA-0209000003578120090227025042.0 ind  0010-020900000035781 a992bKas K aKasim, Muh aKenangankucMuh. Kasim ; ilustrasi Gatot Subowo aCet. 1 aBandungbTaratec1975 a104 hlmbilusc21 cm aSejarah aSubowo, Gatot aYOPDYOG(B) a10-11-2006 a1 aP000012307